| 000 | 01312nam a22002897a 4500 | ||
|---|---|---|---|
| 003 | OSt | ||
| 005 | 20250506093640.0 | ||
| 007 | cr ||||||a|c|a | ||
| 008 | 221130s mx aod|fom||| 001 0 spa d | ||
| 040 | _erda | ||
| 100 | 1 |
_9185619 _aMartínez García, Adriana Clarita |
|
| 245 | 1 | 4 |
_aLos huertos familiares una alternativa para la seguridad alimentaria en la comunidad de la Guadalupe, Espinal, Veracruz / _cpor Adriana Clarita Martínez García; director de tesis Clemente Gallegos Vázquez |
| 264 | 1 |
_aChapingo, México : _bEl autor, _c2020. |
|
| 300 | _a1 recurso en línea (137 páginas). | ||
| 336 |
_2rdacontent _atexto _btxt |
||
| 337 |
_2rdamedia _acomputadora _bc |
||
| 338 |
_2rdacarrier _arecurso en línea _bcr |
||
| 502 |
_bMCDRR _cCentros Regionales _d2020. _gMAE |
||
| 504 | _aIncluye referencias bibliográficas: páginas-105-117 | ||
| 650 | 4 |
_9133581 _aHuertos familiares _xAspectos socioeconómicos |
|
| 650 | 4 |
_9129657 _aHuertos familiares _xRendimiento |
|
| 650 | 4 |
_9135188 _aSeguridad alimentaria _zVeracruz |
|
| 650 | 4 |
_9131913 _aMujeres en la agricultura |
|
| 700 | 1 |
_aGallegos Vázquez, Clemente _eDirector de tesis _944424 |
|
| 856 |
_uhttp://10.13.5.2/tesis/tm/2020_CR_Martinez_Garcia_AdrianaClarita.pdf _zDESCARGAR PDF |
||
| 942 |
_2Clasificación Universidad Autónoma Chapingo _cTD |
||
| 999 |
_c217903 _d217903 |
||